|
|
|
|
| LEADER |
01039nam a2200253 a 4500 |
| 001 |
16936172 |
| 008 |
120524s2012 cauab b 001 0 eng d |
| 010 |
|
|
|a 2011036148
|
| 020 |
|
|
|a 9781412992077 (pbk. : alk. paper)
|
| 040 |
|
|
|a DLC
|c DLC
|d YDX
|d UKMGB
|d YDXCP
|d BWX
|d DLC
|d BD-DhAAL
|
| 082 |
0 |
0 |
|a 306.309
|2 23
|
| 100 |
1 |
|
|a McMichael, Philip.
|
| 245 |
1 |
0 |
|a Development and social change :
|b a global perspective /
|c Philip McMichael.
|
| 250 |
|
|
|a 5th ed.
|
| 260 |
|
|
|a Los Angeles :
|b SAGE,
|c c2012.
|
| 300 |
|
|
|a xxi, 383 p. :
|b ill., maps ;
|c 23 cm.
|
| 504 |
|
|
|a Includes bibliographical references and index.
|
| 541 |
1 |
|
|e 00025281
|
| 650 |
|
0 |
|a Economic development projects
|x History.
|
| 650 |
|
0 |
|a Economic development
|x History.
|
| 650 |
|
0 |
|a Competition, International
|x History.
|
| 852 |
1 |
|
|a Ayesha Abed Library
|j General shelf
|
| 999 |
|
|
|c 12256
|d 12256
|
| 952 |
|
|
|0 0
|1 0
|4 0
|6 306_309000000000000_MCM
|7 0
|9 20298
|a BRACUL
|b BRACUL
|c GEN
|d 2012-05-24
|e Karim International
|g 3952.00
|l 3
|m 15
|o 306.309 MCM
|p 3010025281
|r 2025-08-17
|s 2025-07-17
|t 1
|w 2012-05-24
|y BK
|